| 000 | 01515nam a22003977a 4500 | ||
|---|---|---|---|
| 003 | CHAP | ||
| 005 | 20220329141728.0 | ||
| 008 | 971013s1990 r 00010 d | ||
| 010 | _a72920 | ||
| 011 | _a73892 | ||
| 035 | _a83450 | ||
| 040 | _cCHAP | ||
| 090 | _aTesis | ||
| 100 | 0 | 0 |
_aCantú Garza, Francisco Javier. _918502 |
| 245 | _aDeterminación de la relación evaporatranspiración evaporación en cuatro cultivares maíz NKVS-1E (zea mays, girasol Tecmon 1 (Heliantus annus), frijol delicias 71 (phaseolus vulgaris) y sorgo Topaz (Sorghum vulgare) | ||
| 260 |
_aMonterrey, N.L. : _bEl autor, _c1990 |
||
| 300 |
_a59 h. _b: ilus. |
||
| 502 | _aTesis (Ing. Agr. en Producción) -- ITESM. Div. de Ciencias Agropecuarias y Marítimas | ||
| 590 |
_aALEPH _b10 _c20130110 _lUCH01 _h1414 |
||
| 590 |
_aBATCH-UPD _b10 _c20130110 _lUCH01 _h0022 |
||
| 590 |
_aBATCH-UPD _b10 _c20130110 _lUCH01 _h0703 |
||
| 590 |
_aBATCH-UPD _b10 _c20130409 _lUCH01 _h2002 |
||
| 590 |
_aBATCH-UPD _b10 _c20130410 _lUCH01 _h0349 |
||
| 590 |
_aBATCH-UPD _b10 _c20130914 _lUCH01 _h0834 |
||
| 590 |
_aCONVERSION _b10 _c20130109 _lUCH01 _h1340 |
||
| 650 | 1 | 4 |
_aEvaporación _xEfecto en plantas. _938965 |
| 650 | 1 | 4 |
_aEvapotranspiración. _938968 |
| 650 | 1 | 4 |
_aFrijol _xAgua requerida. _943320 |
| 650 | 1 | 4 |
_aGirasol. _948126 |
| 650 | 1 | 4 |
_aMaíz _xAgua requerida. _970851 |
| 650 | 1 | 4 |
_aPlantas _xAgua requerida. _988790 |
| 650 | 1 | 4 |
_aSorgo _xAgua requerida. _9108624 |
| 901 | _aBK | ||
| 942 | _cTESIS | ||
| 949 |
_bBC _cTES _d-38029 _eTS1 _i83450 _si |
||
| 999 |
_c72920 _d72920 |
||